| 000 | 01144nam a22002895i 4500 | ||
|---|---|---|---|
| 001 | 153776 | ||
| 003 | ES-MaACL | ||
| 005 | 20250827062633.0 | ||
| 008 | 990223s1845 sp |||| | spa d | ||
| 040 |
_aCCPB | B _bspa _cCCPB | B |
||
| 080 | _a342.951(460)"18":352(094.5) | ||
| 110 | 1 |
_aEspaña _eisb _93622 |
|
| 245 | 1 | 0 | _aLeyes de organización y atribuciones de los ayuntamientos y diputaciones provinciales. |
| 246 | 1 | _aLeyes, etc. sobre ayuntamientos y diputaciones provinciales, 1845 | |
| 260 |
_aMadrid : _b[s.n.], _c1845 _f(Imp. Nacional) |
||
| 300 |
_a46 páginas ; _c20 cm. |
||
| 530 | _aDisponible en formato digital | ||
| 596 | _aMarca tip. en port. | ||
| 650 | 4 |
_aAdministración municipal- _zEspaña- _vLegislación _99644 |
|
| 650 | 4 |
_aAdministración provincial- _zEspaña _9148419 |
|
| 655 | 0 |
_aLegislación _9226283 |
|
| 852 |
_aES-MaACL _cDEPO2 _hDonativo Roda _jL-4906(13-4) _xHolandesa |
||
| 856 |
_uhttps://bdh-rd.bne.es/viewer.vm?id=0000290987&page=1 _yVersión en línea _z(Biblioteca Digital Hispánica) |
||
| 942 |
_2udc _cMONANT _n0 |
||
| 999 |
_c153776 _d153776 |
||